000 00982nam a2200265 a 4500
001 44767
003 BD-RjUL
005 20211209053920.0
008 160720s1992 ii ||||| |||| 00| 0 ben d
035 _a(BD-RjUL)44885
040 _aBD-RjUL
_bben
_cBD-RjUL
041 _aben
082 _223
_a891.22
_bKAO 1992
100 1 _aকালিদাস
_9136545
245 1 0 _aঅভিজ্ঞান-শকুন্তলম /
_cকালিদাস.
246 _a
250 _a২য় সং
260 _aকলিকাতা :
_bসংস্কৃত পুস্তক ভান্ডার,
_c১৯৯২
300 _a [ফ], ৬৪৬ পৃ. ;
_c২১ সেমি.
650 _aসংস্কৃত নাটক
_9137241
650 _aSanskrit drama.
_9137242
650 _aSanskrit drama
_xTranslations into Bengali
_9137353
700 _aচক্রবর্তী, সত্যনারায়ণ, সম্পাদক.
_9135402
942 _2ddc
_cBK
999 _c44767
_d44767